[Event "Online Olym Top DivC 2020"]
[Site "chess.com INT"]
[Date "2020.08.21"]
[Round "1.4"]
[Board "5"]
[White "Esipenko, Andrey"]
[Black "Petrov, Martin"]
[Result "1-0"]
[WhiteTitle "GM"]
[BlackTitle "IM"]
[WhiteElo "2682"]
[BlackElo "2525"]
[WhiteTeam "Russia"]
[BlackTeam "Bulgaria"]
[WhiteFideId "24175439"]
[BlackFideId "2911086"]
[EventDate "2020.08.21"]
[EventType "team"]

1. c4 c5 2. Nf3 Nc6 3. Nc3 Nf6 4. d4 cxd4 5. Nxd4 e6 6. g3 Qb6 7. Nb3 d5 8. cxd5
Nxd5 9. Nxd5 exd5 10. Bg2 Bb4+ 11. Bd2 O-O 12. O-O Be6 13. Be3 Qa6 14. Nc5 Bxc5
15. Bxc5 Rfd8 16. e3 Rac8 17. b3 Qa5 18. Bd4 Nxd4 19. Qxd4 Rc2 20. b4 Qa3 21.
Rfd1 Rxa2 22. e4 Rxa1 23. Rxa1 Qb3 24. exd5 Bc8 25. h4 a6 26. Re1 h6 27. Qb6 Rf8
28. Re7 Qb2 29. Kh2 Qf6 30. d6 Bg4 31. Rxb7 Kh7 32. Qc5 Rd8 33. Rb6 g6 34. Rxa6
Bf3 35. Ra3 Bxg2 36. Kxg2 Rxd6 37. Rf3 Qe6 38. Rxf7+ Qxf7 39. Qxd6 Qb7+ 40. Kg1
h5 41. Qc5 Qe4 42. b5 Qb1+ 43. Kh2 Qe4 44. b6 Qf3 45. Qe7+ Kg8 46. Qe3 Qf7 47.
Kg1 Qd5 48. Qe8+ Kg7 49. Qe7+ Kg8 50. b7 1-0

[Event "Online Olym Top DivC 2020"]
[Site "chess.com INT"]
[Date "2020.08.21"]
[Round "1.4"]
[Board "6"]
[White "Radeva, Viktoria"]
[Black "Shuvalova, Polina"]
[Result "1/2-1/2"]
[WhiteTitle "WIM"]
[BlackTitle "WGM"]
[WhiteElo "2302"]
[BlackElo "2454"]
[WhiteTeam "Bulgaria"]
[BlackTeam "Russia"]
[WhiteFideId "2915405"]
[BlackFideId "24171760"]
[EventDate "2020.08.21"]
[EventType "team"]

1. e4 e5 2. Nf3 Nc6 3. Bc4 Bc5 4. d3 Nf6 5. O-O d6 6. c3 O-O 7. h3 h6 8. Re1 a5
9. Nbd2 Re8 10. Nf1 Be6 11. Bb5 Bb6 12. Be3 Bxe3 13. Nxe3 Bd7 14. Bc4 a4 15. a3
Ne7 16. Nh4 c6 17. Qf3 Be6 18. Bxe6 fxe6 19. d4 exd4 20. cxd4 Rf8 21. e5 dxe5
22. dxe5 Nfd5 23. Qg4 Qd7 24. Rad1 b5 25. Nf3 c5 26. Nxd5 Nxd5 27. Nd2 Rf4 28.
Qg3 Raf8 29. Ne4 Qe7 30. Nf6+ R8xf6 31. exf6 Qxf6 32. Rd3 Kf7 33. Rd2 c4 34.
Rde2 Nc7 35. Re4 g5 36. h4 Kg6 37. hxg5 hxg5 38. Rxf4 Qxf4 39. Qxf4 gxf4 40. Re5
Nd5 41. Rxe6+ Kf5 42. Re8 b4 43. axb4 Nxb4 44. Kf1 Nd3 45. Re2 f3 46. gxf3 Nb4
47. Ke1 Nd3+ 48. Kd1 Kf4 49. Kc2 Kxf3 50. Re3+ Kxf2 51. Rxd3 cxd3+ 52. Kxd3 Ke1
53. Kc2 Ke2 54. Kc3 Kd1 55. Kb4 Kc2 56. Ka3 Kb1 57. Kxa4 Kxb2 1/2-1/2

[Event "Online Olym Top DivC 2020"]
[Site "chess.com INT"]
[Date "2020.08.21"]
[Round "1.5"]
[Board "1"]
[White "Aronian, Levon"]
[Black "Lupulescu, Constantin"]
[Result "1-0"]
[WhiteTitle "GM"]
[BlackTitle "GM"]
[WhiteElo "2773"]
[BlackElo "2656"]
[WhiteTeam "Armenia"]
[BlackTeam "Romania"]
[WhiteFideId "13300474"]
[BlackFideId "1207822"]
[EventDate "2020.08.21"]
[EventType "team"]

1. d4 d5 2. Nf3 Nf6 3. Bf4 c5 4. e3 Nc6 5. Nbd2 cxd4 6. exd4 Bg4 7. h3 Bh5 8. g4
Bg6 9. Bb5 Nd7 10. c4 e6 11. cxd5 exd5 12. Bxc6 bxc6 13. Qa4 Qf6 14. Be5 Nb6 15.
Qb3 Qe6 16. O-O f6 17. Rfe1 Kf7 18. Rac1 Qd7 19. Bg3 h5 20. a4 hxg4 21. hxg4 Bd6
22. Ne5+ fxe5 23. dxe5 Bxe5 24. Rxe5 Qxg4 25. Rxc6 Rac8 26. Rxb6 Rc1+ 27. Kg2
Qh3+ 28. Kf3 Bh5+ 29. Ke3 Re1+ 30. Kd4 Rxe5 31. Rb7+ Re7 32. Rxe7+ Kxe7 33. Bd6+ 1-0

[Event "Online Olym Top DivC 2020"]
[Site "chess.com INT"]
[Date "2020.08.21"]
[Round "1.5"]
[Board "2"]
[White "Parligras, Mircea-Emilian"]
[Black "Melkumyan, Hrant"]
[Result "1/2-1/2"]
[WhiteTitle "GM"]
[BlackTitle "GM"]
[WhiteElo "2591"]
[BlackElo "2663"]
[WhiteTeam "Romania"]
[BlackTeam "Armenia"]
[WhiteFideId "1204297"]
[BlackFideId "13302485"]
[EventDate "2020.08.21"]
[EventType "team"]

1. d4 Nf6 2. c4 g6 3. Nc3 Bg7 4. e4 d6 5. h3 e5 6. dxe5 dxe5 7. Qxd8+ Kxd8 8.
Nf3 Nc6 9. Be3 Be6 10. O-O-O+ Kc8 11. c5 Nd7 12. Ng5 Nd4 13. Nxe6 fxe6 14. Nb5
Nxc5 15. Nxd4 exd4 16. Bxd4 Bxd4 17. Rxd4 a5 18. Bc4 Rf8 19. f3 c6 20. e5 Kc7
21. f4 Rad8 22. Rhd1 Rxd4 23. Rxd4 h6 24. h4 b5 25. Be2 g5 26. hxg5 hxg5 27.
fxg5 Rg8 28. Rg4 Nd7 29. Rg3 Nxe5 30. Bh5 Kd6 31. Kd2 Ke7 32. b3 c5 33. Ke3 Nc6
34. Ke4 Nd4 35. g6 Kf6 36. Rc3 Rc8 37. Rc1 Nf5 38. g4 Nd6+ 39. Ke3 Ke5 40. Kd3
c4+ 41. bxc4 bxc4+ 42. Kc2 Nb5 43. Re1+ Kd6 44. Rd1+ Ke5 45. Re1+ Kd5 46. g5 c3
47. Bf3+ Kd6 48. Rd1+ Ke5 49. Re1+ Kf4 50. Bb7 Rc7 51. Ba6 Nd4+ 52. Kd3 e5 53.
Bc4 c2 54. Bf7 Nf5 55. Rf1+ Kxg5 56. Rc1 Kf6 57. Rxc2 Rd7+ 58. Kc3 Rc7+ 59. Kd2
Rxc2+ 60. Kxc2 Ne7 61. Kb3 Nxg6 62. Bd5 Nf4 63. Bf3 Nd3 64. Ka4 Kf5 65. Kxa5 e4
66. Bxe4+ Kxe4 67. Kb5 Nb2 68. a4 Nxa4 1/2-1/2

[Event "Online Olym Top DivC 2020"]
[Site "chess.com INT"]
[Date "2020.08.21"]
[Round "1.5"]
[Board "3"]
[White "Danielian, Elina"]
[Black "Bulmaga, Irina"]
[Result "1-0"]
[WhiteTitle "GM"]
[BlackTitle "IM"]
[WhiteElo "2407"]
[BlackElo "2434"]
[WhiteTeam "Armenia"]
[BlackTeam "Romania"]
[WhiteFideId "13300210"]
[BlackFideId "13903063"]
[EventDate "2020.08.21"]
[EventType "team"]

1. d4 Nf6 2. c4 e6 3. Nc3 c5 4. d5 g6 5. e4 d6 6. Nf3 Bg7 7. Bd3 O-O 8. O-O exd5
9. exd5 Bg4 10. h3 Bxf3 11. Qxf3 Nfd7 12. Qd1 Ne5 13. Be2 f5 14. f4 Nf7 15. Qc2
a6 16. a4 Nd7 17. Bf3 Qh4 18. Kh2 Rae8 19. Bd2 Bd4 20. g3 Qf6 21. Rae1 Nd8 22.
a5 Kg7 23. b3 Qf7 24. Ne2 Bf6 25. Kg2 Re7 26. g4 fxg4 27. hxg4 Kg8 28. Ng3 Bh4
29. Rxe7 Bxe7 30. g5 Re8 31. Bg4 Bf8 32. Ne4 Bg7 33. Nxd6 Qf8 34. Nxe8 Qxe8 35.
Re1 Qf7 36. Qe4 h5 37. Qe8+ Nf8 38. Qxf7+ Nxf7 39. Be6 Bd4 40. Be3 Bxe3 41. Rxe3
Kg7 42. Bxf7 Kxf7 43. Kf3 Nd7 44. Re6 Nf8 45. Rb6 Nd7 46. Rxb7 Ke7 47. Ra7 h4
48. Kg4 h3 49. Kxh3 1-0

[Event "Online Olym Top DivC 2020"]
[Site "chess.com INT"]
[Date "2020.08.21"]
[Round "1.5"]
[Board "4"]
[White "Peptan, Corina-Isabela"]
[Black "Mkrtchian, Lilit"]
[Result "1/2-1/2"]
[WhiteTitle "IM"]
[BlackTitle "IM"]
[WhiteElo "2392"]
[BlackElo "2388"]
[WhiteTeam "Romania"]
[BlackTeam "Armenia"]
[WhiteFideId "1201930"]
[BlackFideId "13300601"]
[EventDate "2020.08.21"]
[EventType "team"]

1. d4 d5 2. c4 c6 3. e3 Nf6 4. Nf3 Bg4 5. h3 Bxf3 6. Qxf3 e6 7. Nc3 Nbd7 8. Be2
Bb4 9. Bd2 O-O 10. a3 Ba5 11. b4 Bc7 12. O-O Re8 13. cxd5 exd5 14. Bd3 Nb6 15.
b5 Qd6 16. g3 c5 17. dxc5 Qxc5 18. Rfc1 Qe7 19. Bf1 Rad8 20. Be1 Be5 21. Ra2 Qe6
22. Rac2 Bd6 23. a4 Nbd7 24. Bg2 Ne5 25. Qd1 Ba3 26. Ra1 Bb4 27. Rb1 Ba5 28. Ne2
Bxe1 29. Qxe1 Ne4 30. Nd4 Qf6 31. Qe2 Qg6 32. Rbc1 Nc4 33. Qg4 Qxg4 34. hxg4 g6
35. Bf1 Ned6 36. Bg2 Ne4 37. Bf1 Ned6 38. Bg2 Ne4 1/2-1/2

[Event "Online Olym Top DivC 2020"]
[Site "chess.com INT"]
[Date "2020.08.21"]
[Round "1.5"]
[Board "5"]
[White "Martirosyan, Haik M."]
[Black "Deac, Bogdan-Daniel"]
[Result "0-1"]
[WhiteTitle "GM"]
[BlackTitle "GM"]
[WhiteElo "2622"]
[BlackElo "2625"]
[WhiteTeam "Armenia"]
[BlackTeam "Romania"]
[WhiteFideId "13306553"]
[BlackFideId "1226380"]
[EventDate "2020.08.21"]
[EventType "team"]

1. d4 Nf6 2. Nf3 d5 3. c4 e6 4. Nc3 dxc4 5. e3 a6 6. a4 c5 7. Bxc4 Nc6 8. O-O
Be7 9. dxc5 Qxd1 10. Rxd1 Bxc5 11. Ng5 Bb4 12. Nge4 Nxe4 13. Nxe4 Ke7 14. Bd2
Bd7 15. Be2 Rac8 16. Bf3 b6 17. Be2 Bxd2 18. Nxd2 Nb4 19. Nc4 Rb8 20. Ne5 Rhd8
21. Rd4 a5 22. Rc1 Be8 23. Rc7+ Kf8 24. Bb5 Rbc8 25. Rxd8 Rxd8 26. h4 f6 27.
Bxe8 fxe5 28. Bb5 Rd1+ 29. Kh2 Rd2 30. Kg3 Rxb2 31. e4 Rd2 32. h5 h6 33. f3 Rd6
34. Kh3 Rd4 35. Rb7 Rd6 36. Rc7 Rd4 37. g3 Rd6 38. Kg4 Rd4 39. Rb7 Rd6 40. f4
exf4 41. gxf4 Rd4 42. Kf3 Na2 43. Rxb6 Ke7 44. Rb7+ Kf8 45. e5 Nc3 46. Bc6 Nxa4
47. f5 Nc5 48. Rb5 Rc4 49. Rxa5 Rc3+ 50. Ke2 exf5 51. Bd5 f4 52. Ra8+ Ke7 53.
Ra7+ Kd8 54. Ra5 Re3+ 55. Kf1 Nd3 56. e6 f3 57. Bxf3 Rxf3+ 58. Ke2 Rh3 59. Rd5+
Ke7 60. Rxd3 Rxh5 61. Rd7+ Kf6 62. Rf7+ Kg6 63. Kd3 Re5 64. Re7 h5 65. Kd4 Re1
66. Kd5 h4 67. Re8 Kf5 68. e7 Kf6 69. Kd6 Rd1+ 70. Kc6 Kf7 71. Rd8 Re1 72. Rh8
g5 73. Kd6 Re6+ 74. Kd5 Rxe7 75. Rh7+ Kf6 76. Rh8 Kf5 0-1

[Event "Online Olym Top DivC 2020"]
[Site "chess.com INT"]
[Date "2020.08.21"]
[Round "1.5"]
[Board "6"]
[White "Lehaci, Miruna-Daria"]
[Black "Sargsyan, Anna M."]
[Result "0-1"]
[WhiteTitle "WFM"]
[BlackTitle "WGM"]
[WhiteElo "2223"]
[BlackElo "2402"]
[WhiteTeam "Romania"]
[BlackTeam "Armenia"]
[WhiteFideId "1234765"]
[BlackFideId "13308130"]
[EventDate "2020.08.21"]
[EventType "team"]

1. e4 e5 2. Nf3 Nc6 3. Bb5 a6 4. Ba4 Nf6 5. d3 b5 6. Bb3 Bc5 7. O-O O-O 8. Nc3
d6 9. a4 Rb8 10. a5 h6 11. h3 Bb4 12. Nd5 Nxd5 13. Bxd5 Ne7 14. c3 Bxa5 15. Rxa5
c6 16. Bxf7+ Rxf7 17. Ra1 Ng6 18. d4 Qf6 19. Qe2 Ra8 20. Rd1 Bxh3 21. gxh3 Qxf3
22. Qxf3 Rxf3 23. dxe5 Nxe5 24. Rxd6 Raf8 25. Be3 Rxh3 26. Kg2 Rh4 27. Bc5 Rg4+
28. Kf1 Nf3 29. Rad1 Nh2+ 30. Ke2 Rxe4+ 31. Kd3 Re5 32. Bd4 Rf3+ 33. Kc2 Re2+
34. Kb1 Ng4 35. Rg6 Nxf2 36. Rxg7+ Kf8 37. Rdg1 Nd3 38. Ra7 Re7 39. Bg7+ Kf7 40.
Rxe7+ Kxe7 41. Bxh6 Kd6 42. Rd1 c5 43. Kc2 c4 44. Bc1 Kc5 45. Rh1 Kb6 46. Kb1
Ka5 47. Rd1 Rf2 48. b3 Nxc1 0-1

[Event "Online Olym Top DivC 2020"]
[Site "chess.com INT"]
[Date "2020.08.21"]
[Round "2.1"]
[Board "1"]
[White "Amin, Bassem"]
[Black "Lupulescu, Constantin"]
[Result "1/2-1/2"]
[WhiteTitle "GM"]
[BlackTitle "GM"]
[WhiteElo "2686"]
[BlackElo "2656"]
[WhiteTeam "Egypt"]
[BlackTeam "Romania"]
[WhiteFideId "10601457"]
[BlackFideId "1207822"]
[EventDate "2020.08.21"]
[EventType "team"]

1. Nf3 c5 2. g3 Nc6 3. c4 Nf6 4. d4 cxd4 5. Nxd4 e6 6. Nc3 Qb6 7. Ndb5 Ne5 8.
Bf4 Nfg4 9. Qa4 g5 10. Bxe5 Qxf2+ 11. Kd1 Nxe5 12. Nc7+ Kd8 13. Nxa8 Qd4+ 14.
Kc2 Nxc4 15. e4 Qd2+ 16. Kb3 Qxb2+ 17. Kxc4 Bg7 18. Qa5+ b6 19. Qxg5+ f6 20. Qb5
Ba6 21. Qxa6 f5 22. Qxa7 Qxc3+ 23. Kb5 Qc6+ 24. Kb4 Qc3+ 25. Kb5 Qc6+ 26. Kb4
Qc3+ 27. Kb5 1/2-1/2

[Event "Online Olym Top DivC 2020"]
[Site "chess.com INT"]
[Date "2020.08.21"]
[Round "2.1"]
[Board "3"]
[White "Wafa, Shrook"]
[Black "Bulmaga, Irina"]
[Result "1/2-1/2"]
[WhiteTitle "WGM"]
[BlackTitle "IM"]
[WhiteElo "2182"]
[BlackElo "2434"]
[WhiteTeam "Egypt"]
[BlackTeam "Romania"]
[WhiteFideId "10609970"]
[BlackFideId "13903063"]
[EventDate "2020.08.21"]
[EventType "team"]

1. e4 c5 2. Nf3 d6 3. Nc3 a6 4. d4 cxd4 5. Nxd4 Nf6 6. Be2 e5 7. Nf3 Be7 8. O-O
O-O 9. Bg5 Nbd7 10. Bc4 b5 11. Bxf6 Nxf6 12. Bd5 Rb8 13. a3 h6 14. Qd3 Qc7 15.
Rac1 Be6 16. Rfd1 Qc5 17. h3 Rfc8 18. Bb3 Bc4 19. Qe3 Qxe3 20. fxe3 Bf8 21. Nd2
Bxb3 22. cxb3 Rd8 23. Nd5 Nxd5 24. exd5 Rdc8 25. b4 Be7 26. Nb3 Bd8 27. Kf2 f5
28. Ke2 Kf7 29. Na5 Bxa5 30. bxa5 Ke7 31. g4 fxg4 32. hxg4 Kd7 33. Kd3 Rxc1 34.
Rxc1 Rc8 35. Rf1 Ke7 36. g5 hxg5 37. Rf5 g6 38. Rxg5 Kf6 39. Rg2 g5 40. Ke4 Kg6
41. Kf3 Rc5 42. e4 Rc1 43. Re2 Rf1+ 44. Kg2 Rc1 45. Kg3 Kf6 46. Rf2+ Kg6 47. Re2
Rf1 48. Rc2 Re1 49. Kf3 g4+ 50. Kxg4 Rxe4+ 51. Kf3 Rc4 52. Rg2+ Kf7 53. Rh2 Ra4
54. Rh7+ Ke8 55. Rh6 Rf4+ 56. Ke3 Ke7 57. Re6+ Kd7 58. Rh6 Rf7 59. Rh8 Kc7 60.
Ra8 Kb7 61. Rd8 Rf6 62. Rd7+ Kb8 63. Ke4 Rf4+ 64. Ke3 Rf6 65. Ke4 Kc8 66. Ra7
Rf4+ 67. Ke3 Rd4 68. Rxa6 Rxd5 69. Rb6 Kc7 70. Ra6 Rc5 71. Ra7+ Kb8 72. Rd7 d5
73. Re7 d4+ 74. Kd3 Rd5 75. a6 Ka8 76. b4 Kb8 77. Rb7+ Ka8 78. Re7 Kb8 79. Rb7+
Ka8 80. Re7 1/2-1/2

[Event "Online Olym Top DivC 2020"]
[Site "chess.com INT"]
[Date "2020.08.21"]
[Round "2.1"]
[Board "4"]
[White "Cosma, Elena-Luminita"]
[Black "Mona, Khaled"]
[Result "1-0"]
[WhiteTitle "WGM"]
[BlackTitle "WGM"]
[WhiteElo "2311"]
[BlackElo "2127"]
[WhiteTeam "Romania"]
[BlackTeam "Egypt"]
[WhiteFideId "1201590"]
[BlackFideId "10605908"]
[EventDate "2020.08.21"]
[EventType "team"]

1. d4 Nf6 2. Nf3 g6 3. g3 Bg7 4. Bg2 O-O 5. O-O d5 6. c4 c6 7. b3 Bf5 8. Nc3 Qc8
9. Ba3 Re8 10. Rc1 dxc4 11. bxc4 Bh3 12. e4 Bxg2 13. Kxg2 Nfd7 14. Qe2 c5 15. d5
e6 16. Nb5 Rf8 17. Bb2 e5 18. Ng5 h6 19. Nd6 Qc7 20. Ngxf7 Rxf7 21. Nxf7 Kxf7
22. f4 Kg8 23. Qg4 Nf8 24. f5 Nbd7 25. fxg6 Nf6 26. Qf5 Re8 27. h4 h5 28. Rc2
N8d7 29. Bc1 Qd6 30. Bg5 Rf8 31. Qe6+ Qxe6 32. dxe6 Nb8 33. e7 Re8 34. Bxf6 Bxf6
35. Rxf6 Rxe7 36. Rcf2 Re8 37. Rf7 b6 38. g7 1-0

[Event "Online Olym Top DivC 2020"]
[Site "chess.com INT"]
[Date "2020.08.21"]
[Round "2.1"]
[Board "5"]
[White "Fawzy, Adham"]
[Black "Deac, Bogdan-Daniel"]
[Result "1/2-1/2"]
[WhiteTitle "GM"]
[BlackTitle "GM"]
[WhiteElo "2467"]
[BlackElo "2625"]
[WhiteTeam "Egypt"]
[BlackTeam "Romania"]
[WhiteFideId "10613129"]
[BlackFideId "1226380"]
[EventDate "2020.08.21"]
[EventType "team"]

1. e4 c5 2. c4 Nc6 3. Ne2 Nf6 4. Nbc3 e6 5. d4 cxd4 6. Nxd4 Bc5 7. Nxc6 dxc6 8.
Qxd8+ Kxd8 9. Bf4 e5 10. O-O-O+ Ke8 11. Bxe5 Bxf2 12. Be2 Rg8 13. Rhf1 Ng4 14.
Bxg4 Be3+ 15. Kc2 Bxg4 16. Rd3 Bb6 17. Rg3 Be6 18. Rxg7 Rxg7 19. Bxg7 Bxc4 20.
Rf3 Rd8 21. Bf6 Rd6 22. e5 Rd4 23. e6 Rg4 24. exf7+ Bxf7 25. g3 Bg6+ 26. Kd2 Kd7
27. h3 Rc4 28. b3 Rb4 29. Na4 Re4 30. Nxb6+ axb6 31. Re3 1/2-1/2

[Event "Online Olym Top DivC 2020"]
[Site "chess.com INT"]
[Date "2020.08.21"]
[Round "2.1"]
[Board "6"]
[White "Bucur, Denisa-Andreea"]
[Black "Allam, Yara"]
[Result "1-0"]
[BlackTitle "WCM"]
[WhiteElo "2063"]
[BlackElo "1752"]
[WhiteTeam "Romania"]
[BlackTeam "Egypt"]
[WhiteFideId "1238019"]
[BlackFideId "10615709"]
[EventDate "2020.08.21"]
[EventType "team"]

1. d4 c6 2. c4 d5 3. Nc3 Nf6 4. e3 g6 5. Nf3 Bg7 6. Be2 O-O 7. O-O Bg4 8. cxd5
cxd5 9. Qb3 b6 10. Bd2 Nc6 11. Rac1 Na5 12. Qc2 Rc8 13. b3 Ne4 14. h3 Bf5 15.
Qb2 Nxc3 16. Bxc3 Nb7 17. Ba6 Rc7 18. Nh4 Be6 19. Qe2 Nd6 20. Bb4 Qd7 21. a4 Rb8
22. Ba3 Nb7 23. Rxc7 Qxc7 24. Rc1 Qd7 25. Qc2 Rc8 26. Qxc8+ Qxc8 27. Rxc8+ Bxc8
28. Bxe7 Bf8 29. Bxf8 Kxf8 30. Nf3 f6 31. Kf1 Ke7 32. Ke2 Kd7 33. Nd2 Nd6 34.
Bxc8+ Kxc8 35. Kd3 Kc7 36. e4 dxe4+ 37. Nxe4 Ne8 38. Kc4 f5 39. Ng5 Nd6+ 40. Kd5
h6 41. Ne6+ Kd7 42. Nf8+ Kc7 43. Nxg6 Ne4 44. f3 Nc3+ 45. Ke5 Ne2 46. d5 Nc3 47.
Nf8 b5 48. a5 b4 49. d6+ Kd8 50. Ne6+ Kd7 51. Nc5+ Kd8 52. Ke6 Nb5 53. Nb7+ Kc8
54. d7+ Kxb7 55. d8=Q 1-0

[Event "Online Olym Top DivC 2020"]
[Site "chess.com INT"]
[Date "2020.08.21"]
[Round "2.2"]
[Board "1"]
[White "Delchev, Aleksander"]
[Black "Aronian, Levon"]
[Result "1/2-1/2"]
[WhiteTitle "GM"]
[BlackTitle "GM"]
[WhiteElo "2550"]
[BlackElo "2773"]
[WhiteTeam "Bulgaria"]
[BlackTeam "Armenia"]
[WhiteFideId "2900394"]
[BlackFideId "13300474"]
[EventDate "2020.08.21"]
[EventType "team"]

1. c4 Nf6 2. Nc3 e5 3. Nf3 Nc6 4. a3 g6 5. d4 exd4 6. Nxd4 Bg7 7. Nxc6 bxc6 8.
g3 O-O 9. Bg2 Ng4 10. O-O Ne5 11. c5 Qe7 12. b4 a5 13. Rb1 Rb8 14. Ne4 Ba6 15.
Re1 f5 16. Ng5 axb4 17. axb4 Bc4 18. Bd2 Bd5 19. Bxd5+ cxd5 20. Bf4 c6 21. Nf3
Rb7 22. Nxe5 Bxe5 23. Bd2 Ra8 24. Qc2 Rb5 25. Rb3 Bf6 26. Qd3 Qe4 27. Ra3 Rbb8
28. Qb3 Qd4 29. Rxa8 Rxa8 30. Rd1 Qc4 31. Qd3 Ra2 32. Kf1 Qe4 33. f3 Qxd3 34.
exd3 Kf7 35. h4 Bd4 36. Be1 Rh2 37. Rb1 Rh1+ 38. Ke2 Bc3 39. Rd1 Rh2+ 40. Kf1
Bxe1 41. Kxe1 f4 42. g4 Rxh4 43. Kd2 Rh2+ 44. Kc3 Rf2 45. Kd4 Rxf3 46. Ke5 Ke7
47. Rh1 h5 48. gxh5 gxh5 49. Rxh5 Re3+ 50. Kxf4 Rxd3 51. Ke5 Kd8 52. Kd6 Re3 53.
Rh8+ Re8 54. Rxe8+ Kxe8 55. b5 cxb5 56. Kxd5 Kf7 57. Kd6 Ke8 58. Kd5 Ke7 59. Ke5
Kf7 60. Kd6 Ke8 61. Kd5 1/2-1/2

[Event "Online Olym Top DivC 2020"]
[Site "chess.com INT"]
[Date "2020.08.21"]
[Round "2.2"]
[Board "2"]
[White "Sargissian, Gabriel"]
[Black "Enchev, Ivajlo"]
[Result "1-0"]
[WhiteTitle "GM"]
[BlackTitle "GM"]
[WhiteElo "2682"]
[BlackElo "2491"]
[WhiteTeam "Armenia"]
[BlackTeam "Bulgaria"]
[WhiteFideId "13300881"]
[BlackFideId "2907712"]
[EventDate "2020.08.21"]
[EventType "team"]

1. d4 Nf6 2. c4 e6 3. Nf3 Bb4+ 4. Nc3 b6 5. e3 Bb7 6. Bd3 O-O 7. O-O d5 8. cxd5
exd5 9. Bd2 Nbd7 10. Ne5 Nxe5 11. dxe5 Nd7 12. f4 Nc5 13. Bf5 d4 14. Nb5 Bxd2
15. Qxd2 Ba6 16. Nxd4 Bxf1 17. Rxf1 Qd5 18. Qc2 g6 19. b4 gxf5 20. bxc5 Qe4 21.
Qxe4 fxe4 22. Nc6 Rfd8 23. Nxd8 Rxd8 24. cxb6 axb6 25. Rc1 c5 26. a4 Rd3 27. Kf2
Rd2+ 28. Kg3 Re2 29. Rc4 Rxe3+ 30. Kf2 Rb3 31. Rxe4 Kf8 32. f5 Ke7 33. Rh4 Rb2+
34. Kf3 Rb3+ 35. Ke2 Rb2+ 36. Kd3 Rxg2 37. Rxh7 Rf2 38. Ke4 Re2+ 39. Kd5 Rd2+
40. Kc6 Rf2 41. e6 Rxf5 42. exf7 c4 43. Kxb6 c3 44. f8=Q+ Kxf8 45. Rc7 Rf6+ 46.
Kb5 Rf5+ 47. Kb4 Rf4+ 48. Kb3 Rh4 49. Rxc3 Ke7 50. h3 Kd6 51. a5 Rh8 52. Kc2 Ra8
53. Ra3 Kc6 54. a6 Kb6 55. a7 Kb7 56. h4 Rc8+ 57. Kd3 Ka8 58. Ra5 Rc1 59. h5 Rh1
60. Ke3 Rh4 61. Kf3 Rh1 62. Kg4 Rg1+ 63. Kf5 Rh1 64. Kg6 Rg1+ 65. Rg5 Rc1 66. h6
Kxa7 67. h7 Rc6+ 68. Kg7 Rc7+ 69. Kh6 1-0

[Event "Online Olym Top DivC 2020"]
[Site "chess.com INT"]
[Date "2020.08.21"]
[Round "2.2"]
[Board "3"]
[White "Stefanova, Antoaneta"]
[Black "Danielian, Elina"]
[Result "1-0"]
[WhiteTitle "GM"]
[BlackTitle "GM"]
[WhiteElo "2462"]
[BlackElo "2407"]
[WhiteTeam "Bulgaria"]
[BlackTeam "Armenia"]
[WhiteFideId "2902257"]
[BlackFideId "13300210"]
[EventDate "2020.08.21"]
[EventType "team"]

1. d4 Nf6 2. Nf3 e6 3. g3 b6 4. Bg2 Bb7 5. O-O Be7 6. c4 O-O 7. Re1 Qc8 8. Bg5
c5 9. e4 h6 10. Bxf6 Bxf6 11. e5 Be7 12. d5 exd5 13. cxd5 d6 14. e6 fxe6 15.
Rxe6 Qd8 16. Nc3 Rf7 17. Qd2 Nd7 18. Rae1 Nf8 19. R6e3 a6 20. a4 Rb8 21. Bf1 Bc8
22. Qe2 Ng6 23. Qc2 Nf8 24. Nd2 Bf6 25. Re8 Qc7 26. Nce4 Bd4 27. Nb3 Qd7 28.
Nxd4 cxd4 29. Qc6 Qf5 30. Qxd6 Rbb7 31. Qb4 Bd7 32. Rd8 Qe5 33. Nd6 a5 34. Nxf7 1-0

[Event "Online Olym Top DivC 2020"]
[Site "chess.com INT"]
[Date "2020.08.21"]
[Round "2.2"]
[Board "4"]
[White "Mkrtchian, Lilit"]
[Black "Salimova, Nurgyul"]
[Result "0-1"]
[WhiteTitle "IM"]
[BlackTitle "IM"]
[WhiteElo "2388"]
[BlackElo "2372"]
[WhiteTeam "Armenia"]
[BlackTeam "Bulgaria"]
[WhiteFideId "13300601"]
[BlackFideId "2915138"]
[EventDate "2020.08.21"]
[EventType "team"]

1. e4 c6 2. d4 d5 3. Nd2 dxe4 4. Nxe4 Nf6 5. Nxf6+ exf6 6. c3 Bd6 7. Bd3 O-O 8.
Qc2 Re8+ 9. Ne2 h5 10. Be3 Nd7 11. O-O-O Nf8 12. h3 Be6 13. c4 Rc8 14. g4 h4 15.
Rhg1 g6 16. Nc3 a6 17. c5 Bc7 18. Be4 Qe7 19. Kb1 Ba5 20. d5 cxd5 21. Nxd5 Bxd5
22. Bxd5 Bb4 23. Rc1 Red8 24. Qb3 Bxc5 25. Bxc5 Rxc5 26. Bxf7+ Kg7 27. Rxc5 Qxc5
28. Rc1 Qxf2 29. Be6 b5 30. Bd5 Qd4 31. Bb7 Qb6 32. Be4 Re8 33. Bd3 Qd6 34. a3
Ne6 35. Rd1 Nc5 36. Bc2 Qxd1+ 37. Bxd1 Nxb3 38. Bxb3 Re3 39. Bd5 Rxh3 40. Ka2
Rg3 41. b4 h3 42. Bb7 h2 0-1

[Event "Online Olym Top DivC 2020"]
[Site "chess.com INT"]
[Date "2020.08.21"]
[Round "2.2"]
[Board "5"]
[White "Petrov, Martin"]
[Black "Martirosyan, Haik M."]
[Result "1/2-1/2"]
[WhiteTitle "IM"]
[BlackTitle "GM"]
[WhiteElo "2525"]
[BlackElo "2622"]
[WhiteTeam "Bulgaria"]
[BlackTeam "Armenia"]
[WhiteFideId "2911086"]
[BlackFideId "13306553"]
[EventDate "2020.08.21"]
[EventType "team"]

1. e4 e5 2. Nf3 Nc6 3. Bc4 Bc5 4. O-O d6 5. d3 Nf6 6. c3 h6 7. Re1 O-O 8. Nbd2
a5 9. Nf1 Be6 10. Bb5 Bb6 11. Ng3 Ne7 12. d4 exd4 13. cxd4 d5 14. e5 Ne4 15.
Nxe4 dxe4 16. Rxe4 Bd5 17. Rg4 Be6 18. Re4 Bd5 19. Rg4 Be6 20. Re4 1/2-1/2

[Event "Online Olym Top DivC 2020"]
[Site "chess.com INT"]
[Date "2020.08.21"]
[Round "2.2"]
[Board "6"]
[White "Sargsyan, Anna M."]
[Black "Krasteva, Beloslava"]
[Result "1/2-1/2"]
[WhiteTitle "WGM"]
[BlackTitle "FM"]
[WhiteElo "2402"]
[BlackElo "2296"]
[WhiteTeam "Armenia"]
[BlackTeam "Bulgaria"]
[WhiteFideId "13308130"]
[BlackFideId "2922029"]
[EventDate "2020.08.21"]
[EventType "team"]

1. d4 d5 2. c4 e6 3. Nc3 Be7 4. Nf3 Nf6 5. Bf4 O-O 6. e3 c5 7. dxc5 Bxc5 8. cxd5
exd5 9. Bd3 Nc6 10. O-O Bg4 11. h3 Bxf3 12. Qxf3 d4 13. Ne4 Nxe4 14. Bxe4 dxe3
15. fxe3 Qb6 16. Rac1 f5 17. Bb1 Kh8 18. Kh1 Rae8 19. Rfe1 Bb4 20. Red1 Ne5 21.
Qg3 Ng6 22. Rc7 Be7 23. Rdd7 Qxb2 24. Rxb7 Qc1+ 25. Kh2 Bh4 26. Qf3 Bf6 27. Bxf5
Nxf4 28. exf4 Re1 29. Rb1 Qe3 30. Rxe1 Qxe1 31. Qh5 Qh4 32. Qxh4 Bxh4 33. Bd3
Rd8 34. Rxd8+ Bxd8 35. Kg3 g6 36. Kf3 Kg7 37. Ke4 Kf6 38. g4 Bc7 39. h4 Bb8 40.
Bc4 Bc7 41. Bg8 Kg7 42. Bd5 Kf6 43. Kf3 Bd6 44. Be4 Bc7 45. g5+ Kg7 46. Kg4 Bd6
47. Kf3 Bc7 48. h5 Bd6 49. h6+ Kg8 50. Bd5+ Kf8 51. Ke4 Be7 52. Ke5 Bd8 53. Ke4
Ba5 54. f5 gxf5+ 55. Kxf5 Bd2 56. Kg4 Bc1 57. Kh5 Bb2 58. Bb3 Bc3 59. Kg4 Bd2
60. Bc4 Bc3 61. Bd3 Kg8 62. Kf5 Bd2 63. Bc4+ Kh8 64. Bd3 Bc3 65. Ke6 Bd2 66. Kf6
Bc3+ 67. Kf5 1/2-1/2